00411nam a2200157Ia 4500003000400000005001700004008004100021020001800062040000900080082001900089100001400108245007200122250001200194260003700206300001000243OSt20200928100249.0190216s9999||||xx |||||||||||||| ||und|| a9788121924535 coclc a574.192bJAI/F aJain, J L 0aFundamentals Of Biochemistry /cJ L Jain ; Sunjay Jain ; Nitin Jain a6th Ed. bS Chand & Co,c2005.aNew Delhi: a1230p